Sports Quiz

Random Sports or Golf Quiz

'Non-Big 4' Athlete Blitz Quiz Stats

 Plays Quiz Updated Sep 21, 2017

Score 0/36 Timer 01:30
3 Plays Today
Athlete Sport % Correct
Novak Djokovic???
85.2%
Pete Sampras???
83.8%
Andy Roddick???
83.8%
John McEnroe???
82.8%
Monica Seles???
79.3%
Michael Schumacher???
77.8%
Jimmy Connors???
76.7%
Bubba Watson???
76.5%
Muttiah Muralitharan???
75.6%
Chris Evert???
75.5%
Ernie Els???
75.2%
Mario Andretti???
74.7%
Imran Khan???
74.5%
Sachin Tendulkar???
74.3%
Sanath Jaysuriya???
73.5%
Kapil Dev???
73.2%
Rod Laver???
72.2%
Justin Rose???
71.6%
Athlete Sport % Correct
Javed Miandad???
69%
Vijay Singh???
67.4%
Sam Snead???
62.8%
Annika Sorenstam???
58.6%
Alain Prost???
57%
Ayrton Senna???
56.4%
A.J. Foyt???
56.1%
Walter Hagen???
56%
Nelson Piquet???
48.6%
Will Power???
48.4%
Bobby Allison???
47.6%
Bill Elliott???
47.2%
Jacques Kallis???
45.8%
Don Bradman???
44.8%
Roy Emerson???
43.8%
Gary Sobers???
41.7%
Betsy King???
24.2%
Henry Picard???
12.8%

You're not logged in!

Compare scores with friends on all Sporcle quizzes.
OR
Log In

Show Comments

Extras

Top Quizzes Today


Score Distribution

Your Account Isn't Verified!

In order to create a playlist on Sporcle, you need to verify the email address you used during registration. Go to your Sporcle Settings to finish the process.

Report this User

Report this user for behavior that violates our Community Guidelines.

Details: